|
|
|
|
| LEADER |
04135nam a22004213i 4500 |
| 001 |
EBC6743509 |
| 003 |
MiAaPQ |
| 005 |
20231204023218.0 |
| 006 |
m o d | |
| 007 |
cr cnu|||||||| |
| 008 |
231204s1978 xx o ||||0 eng d |
| 020 |
|
|
|a 9780472901807
|q (electronic bk.)
|
| 020 |
|
|
|z 9780892640324
|
| 035 |
|
|
|a (MiAaPQ)EBC6743509
|
| 035 |
|
|
|a (Au-PeEL)EBL6743509
|
| 035 |
|
|
|a (OCoLC)1283853457
|
| 040 |
|
|
|a MiAaPQ
|b eng
|e rda
|e pn
|c MiAaPQ
|d MiAaPQ
|
| 050 |
|
4 |
|a DS796
|
| 082 |
0 |
|
|a 951.132056
|
| 100 |
1 |
|
|a Walder, Andrew.
|
| 245 |
1 |
0 |
|a Chang Ch'un-Ch'iao and Shanghai's January Revolution.
|
| 250 |
|
|
|a 1st ed.
|
| 264 |
|
1 |
|a Ann Arbor :
|b Center for Chinese Studies Publications,
|c 1978.
|
| 264 |
|
4 |
|c Ã1977.
|
| 300 |
|
|
|a 1 online resource (165 pages)
|
| 336 |
|
|
|a text
|b txt
|2 rdacontent
|
| 337 |
|
|
|a computer
|b c
|2 rdamedia
|
| 338 |
|
|
|a online resource
|b cr
|2 rdacarrier
|
| 490 |
1 |
|
|a Michigan Monographs in Chinese Studies
|
| 505 |
0 |
|
|a Cover -- Title -- Copyright -- Contents -- Preface -- Abbreviations -- I. Introduction -- II. Chang Ch'un-ch'iao's Political and Organizational Background -- Ts'ao Ti-ch'iu's Political and Organizational Background -- III. The Cultural Campaign: May-August 1966 -- IV. Ts'ao Ti-ch'iu and the Early Red Guard Movement in Shanghai -- Shanghai Red Guard Opposition to the MPC -- The Spiral of Conflict: Peking Red Guards Enter Shanghai -- Internal MPC Debates about Dissident Red Guards -- Mao's Self-Clarification: The October Party Work Conference -- V. The Central Dilemma: Revolution and Production -- Workers Enter the Cultural Revolution--The Anting Incident -- The MPC's Arguments against Worker Organizations -- The Development of Mass Factionalism and the Paralysis of Municipal Government -- The "Liberation Daily" Incident and the Polarization of Factions -- Ts'ao's Abdication and the Development of Anarchy -- VI. The Socioeconomic Origins of "Economism -- Sources of Popular Discontent -- The Worker-Peasant System -- Youth Mobilization System -- Resulting Grievances and Conflicts -- Apprentices -- Sent-down Youths -- Sent-down Permanent Workers and Suburban Peasants -- Contract and Temporary Labor -- Permanent Workers -- Social Conditions in Shanghai--December -- Massive Population Influx -- Food, Commodity Shortages and Increased Unemployment -- Trigger Incidents for Economic Paralysis: December 26-31 -- CCRG Decision of December 26 -- General Upsurge of Economic Demands -- The Scarlet Exodus and General Strike -- The Effects of Economism -- VII. Chang Ch'un-ch'iao and the January Revolution -- Stage One--Establishing a Rationale for Action -- Stage Two--Strike-Breaking and Political Organizing -- The Deterioration of Chang's Mass Support -- Stage Three--The Commune/Revolutionary Committee.
|
| 505 |
8 |
|
|a VIII. Chang Ch'un-ch'iao and the Politics of Demobilization -- Halting Attacks on Industrial and Administrative Cadres -- Returning Students to School -- Returning Youths to the Countryside -- Resolving the Issue of Worker Economic Demands -- Restoring Order in Shanghai's Neighborhoods -- Shanghai in the Summer of 1967 -- IX. Conclusions -- Interpretive Shifts -- The January Revolution -- Chang Ch'un-ch'iao and Chinese "Radicalism -- Theoretical Perspectives -- Organizational Structure and Political Conflict -- Social Structure and Political Conflict -- Chang Ch'un-ch'iao and the Politics of Social Change -- Chronology of Events -- Notes -- Sources.
|
| 588 |
|
|
|a Description based on publisher supplied metadata and other sources.
|
| 590 |
|
|
|a Electronic reproduction. Ann Arbor, Michigan : ProQuest Ebook Central, 2023. Available via World Wide Web. Access may be limited to ProQuest Ebook Central affiliated libraries.
|
| 655 |
|
4 |
|a Electronic books.
|
| 776 |
0 |
8 |
|i Print version:
|a Walder, Andrew
|t Chang Ch'un-Ch'iao and Shanghai's January Revolution
|d Ann Arbor : Center for Chinese Studies Publications,c1978
|z 9780892640324
|
| 797 |
2 |
|
|a ProQuest (Firm)
|
| 830 |
|
0 |
|a Michigan Monographs in Chinese Studies
|
| 856 |
4 |
0 |
|u https://ebookcentral.proquest.com/lib/matrademy/detail.action?docID=6743509
|z Click to View
|